|
|
|
|
| LEADER |
00000nam0a2200000 4500 |
| 001 |
592309 |
| 005 |
20231101131714.0 |
| 035 |
|
|
|a (RuTPU)RU\TPU\tpu\3953
|
| 035 |
|
|
|a TPU00003953
|
| 090 |
|
|
|a 592309
|
| 100 |
|
|
|a 20011210d1960 u y0rusy50 ca
|
| 101 |
0 |
|
|a rus
|
| 102 |
|
|
|a RU
|
| 105 |
|
|
|a 000|y
|
| 200 |
1 |
|
|a Задачник по теоретическим основам электротехники
|f Е. С. Коваленко [и др.]
|
| 210 |
|
|
|a Томск
|d 1960
|
| 215 |
|
|
|a 182 с.
|
| 300 |
|
|
|a Ротапр. изд.
|
| 610 |
1 |
|
|a электротехника
|
| 610 |
1 |
|
|a труды учёных ТПУ
|
| 610 |
1 |
|
|a учебные пособия
|
| 701 |
|
1 |
|a Коваленко
|b Е. С.
|
| 701 |
|
1 |
|a Кутарева
|b М. С.
|
| 701 |
|
1 |
|a Левдикова
|b А. П.
|
| 701 |
|
1 |
|a Могилевская
|b Т. Ю.
|
| 701 |
|
1 |
|a Толпыго
|b О. Б.
|
| 801 |
|
0 |
|a RU
|b 63413507
|c 20011210
|g PSBO
|
| 801 |
|
2 |
|a RU
|b 63413507
|c 20070614
|g PSBO
|
| 942 |
|
|
|c BK
|